header

Library hi tech. (Record no. 39044)

MARC details
000 -LEADER
fixed length control field 01239nam a2200301Ia 4500
245 00 - TITLE STATEMENT
Title Library hi tech.
260 ## - PUBLICATION, DISTRIBUTION, ETC. (IMPRINT)
Place of publication [Bradford, England] :
Name of publisher Emerald,
Year of publication 2008.
300 ## - PHYSICAL DESCRIPTION
Number of Pages 156 p. :
Other physical details ill.
490 0# - SERIES STATEMENT
Series statement Library hi tech ;
650 #0 - SUBJECT ADDED ENTRY--TOPICAL TERM
Topical Term Information science.
Topical Term Libraries
Topical Term Library science
856 40 - ELECTRONIC LOCATION AND ACCESS
Uniform Resource Identifier http://site.ebrary.com/lib/rucke/Doc?id=10229727

No items available.

© 2026 Rongo University
Contact us: librarian | system librarian | Rongo university